000 00866cab a22002655a 4500
001 L158997
008 130731e2015 xxk 000 0 eng d
035 _a(Sirsi) u158997
041 0 _aeng
100 1 _aCheung, Leo
245 0 0 _aWhole-life carbon facades
490 _aBuilding
_v(281) 13 November 2015, 42-45(4)
520 _aLooks at facade systems to explain how embodied and whole-life carbon can be reduced through simple design and specification decisions at little additional cost, using a building in a central London development as an example.
590 _aKA
650 2 4 _aCARBON REDUCTION
650 2 4 _aFACADES
650 2 4 _aCURTAIN WALLS
650 2 4 _aBS EN 15978: 2011
650 2 4 _aCEN/TC 350
651 4 _aUnited Kingdom
690 _aCONSTRUCTION
690 _aSustainability
_96271
700 1 _aFarnetani, Mirko
942 _n0
999 _c84760
_d84760